00636pam a2200217 i 45000010005000000030008000050050017000130080041000300200015000710350018000860400032001040410008001360820022001441000033001662450067001992600043002663000032003095040039003416500017003806500021003976959BD-RjUL20211208234338.0140113s1978 moua b 001 0 eng  a0801644828 a(BD-RjUL)7001 aDLCcDLCdDLCdBD-RjULbeng aeng00a350.001bSEB 19781 aSeitz, Steven Thomas,d1947-10aBureaucracy, policy, and the public /cby Steven Thomas Seitz. aSaint Louis :bC. V. Mosby Co.,c1978. ax, 216 p. :bill. ;c26 cm. aIncludes bibliographies and index. 0aBureaucracy. 0aPolicy sciences.